| 000 | 02141nam0a2200409 4500 | ||
|---|---|---|---|
| 001 | RU\NLR\bibl\1698040 | ||
| 005 | 20260406083509.0 | ||
| 010 |
_a978-5-9978-0035-2 _9100 |
||
| 021 |
_aRU _b2011-30598 _92175 |
||
| 035 | _a(NLR Aleph) 001689128 | ||
| 090 |
_a1149555 _c1149555 |
||
| 100 | _a20101111d2010 |||y0rusy50 ca | ||
| 101 | 0 | _arus | |
| 102 | _aRU | ||
| 105 | _ay ||||||||| | ||
| 135 | _acrbn 001aacua | ||
| 200 | 1 |
_aОпровержение "Теории сверхпроводимости" электрического тока _fВ.К. Федюкин _gМ-во образования и науки Рос. Федерации, Гос. образоват. учреждение высш. проф. образования "С.-Петерб. гос. инж.-экон. ун-т" |
|
| 205 | _aПрепринт | ||
| 210 |
_aСанкт-Петербург _cСанкт-Петербургский государственный инженерно-экономический университет _d2010 |
||
| 215 |
_a50, [3] с. _d20 |
||
| 300 | _aНа 4-й с. обл. авт.: Федюкин В.К. д,т.н., проф. | ||
| 300 | _aПосвящается 100-летию открытия Гейке Камерлинг-Оннеса | ||
| 320 | _aБиблиогр. в конце текста (16 назв.) | ||
| 325 | _aКопия доступна в Электрон. б-ке РНБ | ||
| 606 | 1 |
_aСверхпроводимость _xФилософские вопросы _92606989 _3RU\NLR\auth\661543547 |
|
| 686 | _aВ332.21в | ||
| 700 | 1 |
_4070 _7ca _8rus _aФедюкин _bВ. К. _f1937- _gВениамин Константинович _933248 _3RU\NLR\AUTH\7750313 |
|
| 801 | 0 |
_aRU _bNLR _c20101111 _gRCR |
|
| 801 | 1 |
_aRU _bNLR _c20101111 |
|
| 830 | _aавт. по кн. | ||
| 942 | _cBOOK | ||
| 980 | _aNB | ||
| 981 | 1 | 3 |
_a(13) Документы, защищенные авторским правом _b(13) Современная научная, научно-популярная и популярная л |